<?xml version="1.0" encoding="UTF-8"?>
<record
    xmlns:xsi="http://www.w3.org/2001/XMLSchema-instance"
    xsi:schemaLocation="http://www.loc.gov/MARC21/slim http://www.loc.gov/standards/marcxml/schema/MARC21slim.xsd"
    xmlns="http://www.loc.gov/MARC21/slim">

  <leader>01945njm a22003737a 4500</leader>
  <controlfield tag="005">20100918105011.0</controlfield>
  <controlfield tag="007">sd ammalaaahaa</controlfield>
  <controlfield tag="008">100904t        xxu||||| |||| 00| 0 hin d</controlfield>
  <datafield tag="028" ind1=" " ind2=" ">
    <subfield code="a">EASD.1506</subfield>
    <subfield code="b">His Master's Voice</subfield>
  </datafield>
  <datafield tag="028" ind1=" " ind2=" ">
    <subfield code="a">2YJW. 267</subfield>
    <subfield code="b">His Master's Voice</subfield>
  </datafield>
  <datafield tag="028" ind1=" " ind2=" ">
    <subfield code="a">2YJW. 268</subfield>
    <subfield code="b">His Master's Voice</subfield>
  </datafield>
  <datafield tag="035" ind1=" " ind2=" ">
    <subfield code="a">GR-03350</subfield>
  </datafield>
  <datafield tag="040" ind1=" " ind2=" ">
    <subfield code="a">SED/VEN</subfield>
  </datafield>
  <datafield tag="100" ind1=" " ind2=" ">
    <subfield code="9">1184</subfield>
    <subfield code="a">&#x92E;&#x941;&#x915;&#x947;&#x936;</subfield>
  </datafield>
  <datafield tag="245" ind1=" " ind2=" ">
    <subfield code="a">&#x924;&#x941;&#x932;&#x938;&#x940; &#x930;&#x93E;&#x92E;&#x93E;&#x92F;&#x923; (&#x92D;&#x93E;&#x917;-1)</subfield>
    <subfield code="b">&#x939;&#x93F;&#x928;&#x94D;&#x926;&#x940; /</subfield>
    <subfield code="c">&#x92A;&#x94D;&#x930;&#x927;&#x93E;&#x928; &#x915;&#x932;&#x93E;&#x915;&#x93E;&#x930;-&#x92E;&#x941;&#x915;&#x947;&#x936;; &#x938;&#x902;&#x917;&#x940;&#x924; &#x930;&#x91A;&#x928;&#x93E;- &#x92E;&#x941;&#x930;&#x932;&#x940; &#x92E;&#x928;&#x94B;&#x939;&#x930; &#x938;&#x94D;&#x935;&#x930;&#x942;&#x92A;; &#x938;&#x902;&#x915;&#x932;&#x928; &#x938;&#x939;&#x93E;&#x92F;&#x915;- &#x928;&#x930;&#x947;&#x928;&#x94D;&#x926;&#x94D;&#x930; &#x936;&#x930;&#x94D;&#x92E;&#x93E; &#x90F;&#x902;&#x935; &#x91A;&#x928;&#x94D;&#x926;&#x94D;&#x930;&#x936;&#x947;&#x916;&#x930; &#x92A;&#x93E;&#x923;&#x94D;&#x921;&#x947;&#x92F;; &#x928;&#x93F;&#x930;&#x94D;&#x92E;&#x93E;&#x924;&#x93E;- &#x935;&#x93F;&#x91C;&#x92F; &#x915;&#x93F;&#x936;&#x94B;&#x930; &#x926;&#x942;&#x92C;&#x947;</subfield>
    <subfield code="h">[Sound Recording] :</subfield>
  </datafield>
  <datafield tag="246" ind1=" " ind2=" ">
    <subfield code="a">Tulsi Ramayana (Mukesh)       </subfield>
  </datafield>
  <datafield tag="250" ind1=" " ind2=" ">
    <subfield code="a">P-1973</subfield>
  </datafield>
  <datafield tag="260" ind1=" " ind2=" ">
    <subfield code="a">Dum Dum, India</subfield>
    <subfield code="b">His Master's Voice</subfield>
  </datafield>
  <datafield tag="300" ind1=" " ind2=" ">
    <subfield code="a">1 sound disc [Gramophone Recording] :</subfield>
    <subfield code="b">analog, 33 1/3 rpm ;</subfield>
    <subfield code="c">12 in. [LP]</subfield>
    <subfield code="f">Gramophone Records</subfield>
  </datafield>
  <datafield tag="500" ind1=" " ind2=" ">
    <subfield code="a">Brief Records</subfield>
  </datafield>
  <datafield tag="500" ind1=" " ind2=" ">
    <subfield code="a">Record Labels: His Master's Voice, Red</subfield>
  </datafield>
  <datafield tag="505" ind1=" " ind2=" ">
    <subfield code="a">&#x938;&#x93E;&#x907;&#x921;-1 &#x935; 2; &#x924;&#x941;&#x932;&#x938;&#x940; &#x930;&#x93E;&#x92E;&#x93E;&#x92F;&#x923; (&#x936;&#x94D;&#x930;&#x940; &#x930;&#x93E;&#x92E;&#x91A;&#x930;&#x93F;&#x924;&#x92E;&#x93E;&#x928;&#x938;) &#x905;&#x92F;&#x94B;&#x927;&#x94D;&#x92F;&#x93E; &#x915;&#x93E;&#x923;&#x94D;&#x921;-2 (&#x92E;&#x941;&#x915;&#x947;&#x936;) (&#x92D;&#x93E;&#x917;-2)</subfield>
  </datafield>
  <datafield tag="600" ind1=" " ind2=" ">
    <subfield code="9">20259</subfield>
    <subfield code="a">&#x92E;&#x941;&#x915;&#x947;&#x936;</subfield>
  </datafield>
  <datafield tag="610" ind1=" " ind2=" ">
    <subfield code="9">20322</subfield>
  </datafield>
  <datafield tag="650" ind1=" " ind2=" ">
    <subfield code="a">Classical Music</subfield>
    <subfield code="x">Excerpts</subfield>
    <subfield code="z">India</subfield>
    <subfield code="9">18309</subfield>
  </datafield>
  <datafield tag="700" ind1=" " ind2=" ">
    <subfield code="9">18319</subfield>
    <subfield code="a">&#x938;&#x93F;&#x938;&#x94D;&#x91F;&#x93E;, &#x915;&#x92E;&#x932; </subfield>
  </datafield>
  <datafield tag="700" ind1=" " ind2=" ">
    <subfield code="9">18320</subfield>
    <subfield code="a">&#x915;&#x932;&#x94D;&#x932;&#x947;, &#x915;&#x943;&#x937;&#x94D;&#x923;&#x93E;</subfield>
  </datafield>
  <datafield tag="700" ind1=" " ind2=" ">
    <subfield code="9">20323</subfield>
    <subfield code="a">&#x92A;&#x93E;&#x917;&#x927;&#x930;&#x947;, &#x92A;&#x941;&#x937;&#x94D;&#x92A;&#x93E;</subfield>
  </datafield>
  <datafield tag="700" ind1=" " ind2=" ">
    <subfield code="9">20456</subfield>
    <subfield code="a">&#x915;&#x94B;&#x939;&#x932;&#x940;, &#x938;&#x941;&#x930;&#x947;&#x928;&#x94D;&#x926;&#x94D;&#x930;</subfield>
  </datafield>
  <datafield tag="700" ind1=" " ind2=" ">
    <subfield code="9">20457</subfield>
    <subfield code="a">&#x91A;&#x91F;&#x930;&#x94D;&#x91C;&#x940;, &#x92A;&#x94D;&#x930;&#x926;&#x940;&#x92A;</subfield>
  </datafield>
  <datafield tag="700" ind1=" " ind2=" ">
    <subfield code="a">&#x905;&#x92E;&#x94D;&#x92C;&#x930; &#x915;&#x941;&#x92E;&#x93E;&#x930;</subfield>
    <subfield code="9">20608</subfield>
  </datafield>
  <datafield tag="942" ind1=" " ind2=" ">
    <subfield code="2">ddc</subfield>
    <subfield code="c">GR</subfield>
  </datafield>
  <datafield tag="999" ind1=" " ind2=" ">
    <subfield code="c">46644</subfield>
    <subfield code="d">46644</subfield>
  </datafield>
  <datafield tag="952" ind1=" " ind2=" ">
    <subfield code="0">0</subfield>
    <subfield code="1">0</subfield>
    <subfield code="2">ddc</subfield>
    <subfield code="4">0</subfield>
    <subfield code="7">1</subfield>
    <subfield code="8">NFIC</subfield>
    <subfield code="a">L</subfield>
    <subfield code="b">L</subfield>
    <subfield code="c">AV</subfield>
    <subfield code="d">2010-09-18</subfield>
    <subfield code="e">SED/VEN</subfield>
    <subfield code="l">0</subfield>
    <subfield code="p">GR-03350</subfield>
    <subfield code="r">2010-09-18 00:00:00</subfield>
    <subfield code="t">1</subfield>
    <subfield code="w">2010-09-18</subfield>
    <subfield code="y">GR</subfield>
  </datafield>
</record>
